000
00337nam a22001457a 4500
008
210609b ||||| |||| 00| 0 eng d
020
_a
9780781748421
041
_a
eng
080
_2
2nd
_a
610.73
082
_a
610.73
100
_a
1
101
_a
INF
245
_a
Theory and Reasoning in Nursing
_c
Betty M. Johnson
942
_2
udc
_c
BK
999
_c
58086
_d
58086